| 000 | 00353pam a2200157a 44500 | ||
|---|---|---|---|
| 008 | 230515b2003 xxu||||| |||| 00| 0 eng d | ||
| 020 | _aNULL | ||
| 041 | _aENGL | ||
| 082 | _a624.17/ RAM | ||
| 100 | _aS.RAMAMRUTHAM | ||
| 245 | _aTHEORY OF STRUCTURES (RAM) | ||
| 250 | _aN.D. | ||
| 260 |
_aNULL _bDHANP _c2003 |
||
| 300 | _a1380 PB | ||
| 650 | _aNULL | ||
| 999 |
_c633710 _d633710 |
||